00237nam a2200085Ia 4500008004100000082001600041100001500057245004600072260003300118220204s9999 xx 000 0 und d a632.51bGUP aGupta, O P 0aWeed management: Principles and practices aBikanerbAgro Botanicac1998